| 000 -LEADER |
| fixed length control field |
00608nam a22001577a 4500 |
| 005 - DATE AND TIME OF LATEST TRANSACTION |
| control field |
20240307113342.0 |
| 008 - FIXED-LENGTH DATA ELEMENTS--GENERAL INFORMATION |
| fixed length control field |
240307s1987 ru ||||| |||| 00| 0 rus d |
| 041 ## - LANGUAGE CODE |
| Language code of text/sound track or separate title |
rus |
| 080 ## - UNIVERSAL DECIMAL CLASSIFICATION NUMBER |
| Universal Decimal Classification number |
008(091)(4+73) K-36 |
| 100 ## - MAIN ENTRY--PERSONAL NAME |
| Personal name |
Кертман, Л.Е. |
| 9 (RLIN) |
21359 |
| 245 ## - TITLE STATEMENT |
| Title |
История культуры стран Европы и Америки (1870-1917) |
| Statement of responsibility, etc. |
Л.Е. Кертман. |
| 264 ## - PRODUCTION, PUBLICATION, DISTRIBUTION, MANUFACTURE, AND COPYRIGHT NOTICE |
| Place of production, publication, distribution, manufacture |
Москва : |
| Name of producer, publisher, distributor, manufacturer |
Высш. школа, |
| Date of production, publication, distribution, manufacture, or copyright notice |
1987. |
| 300 ## - PHYSICAL DESCRIPTION |
| Extent |
304 с. |
| Other physical details |
24 . |
| Dimensions |
см. |
| 653 ## - INDEX TERM--UNCONTROLLED |
| keyword |
ევროპისა და ამერიკის კულტურის ისტორია |
| 942 ## - ADDED ENTRY ELEMENTS (KOHA) |
| Source of classification or shelving scheme |
|
| Koha item type |
წიგნი |